000 00315nam a22001337a 4500
999 _c529765
_d529765
003 NUST
038 _aMSOHAIL
082 _a0
100 _aBar T. Harder
_922520
245 _aFacilities partnerships in transportation research
260 _aWashington
_bTRB
_c2003
300 _a76,p;
_c28cm
_ep/b
942 _2ddc
_cBK